Блуждающие токи на рудниках и меры борьбы с ними; Научно-техническая конференция в связи с сорокалетним юбилеем учебно-научной деятельности института

Podrobná bibliografie
Parent link:Научно-техническая конференция в связи с сорокалетним юбилеем учебно-научной деятельности института.— 1940.— С. 84-85
Hlavní autor: Бетехтин А. С.
Jazyk:ruština
Vydáno: 1940
Témata:
Médium: MixedMaterials Kapitola
KOHA link:https://koha.lib.tpu.ru/cgi-bin/koha/opac-detail.pl?biblionumber=177241

MARC

LEADER 00000naa2a2200000 4500
001 177241
005 20231031165607.0
035 |a (RuTPU)RU\TPU\book\192148 
035 |a RU\TPU\tpu\5932 
090 |a 177241 
100 |a 20100312d1940 k y0rusy50 ca 
101 0 |a rus 
102 |a RU 
200 1 |a Блуждающие токи на рудниках и меры борьбы с ними  |f А. С. Бетехтин 
463 0 |0 (RuTPU)RU\TPU\book\191963  |t Научно-техническая конференция в связи с сорокалетним юбилеем учебно-научной деятельности института  |o тезисы докладов  |f Томский индустриальный институт (ТИИ) ; под ред. К. Н. Шмаргунова  |v С. 84-85  |d 1940  |p 184 с. 
610 1 |a горное дело 
610 1 |a труды учёных ТПУ 
700 1 |a Бетехтин  |b А. С. 
801 0 |a RU  |b 63413507  |c 20011210  |g PSBO 
801 2 |a RU  |b 63413507  |c 20100317  |g PSBO 
942 |c BK